|
|
|
|
| LEADER |
00000nab a2200000uu 4500 |
| 001 |
vtls011154323 |
| 003 |
SK-MaSNL |
| 005 |
20260303151241.0 |
| 008 |
230222|2002 xo |||||||||||||||||eng| |
| 015 |
|
|
|a SNBRB
|
| 035 |
|
|
|a (urnnbn)urn:nbn:sk:snk:ar-a0a7pm
|
| 035 |
|
|
|a (uuid)1554ef50-3d5e-4174-8c9b-bb091ed2a447
|
| 035 |
|
|
|a urn:nbn:sk:snk-abb338
|
| 040 |
|
|
|a SNKBUCL
|b slo
|c SNKBUCL
|e AACR2
|
| 041 |
0 |
|
|a eng
|
| 044 |
|
|
|a xo
|c SK
|
| 100 |
1 |
|
|a Cetin, A
|4 aut
|9 1141886
|
| 245 |
1 |
0 |
|a ASSESSMENT OF INDUSTRIAL WASTES AS A MINERAL FILLER IN ASPHALT CONCRETE MIXTURES
|c A Cetin, A. Tuncan, M. Tuncan
|
| 700 |
1 |
|
|a Tuncan, A.
|4 aut
|9 1170573
|
| 700 |
1 |
|
|a Tuncan, M.
|4 aut
|9 1170574
|
| 773 |
0 |
|
|t Petroleum and coal : international journal for petroleum processing, petrochemistry and coal processing
|g Roč. 44, č. 3-4 (2002), s. [160]-163
|
| 958 |
|
|
|a OND
|
| 958 |
|
|
|a EUIPO
|
| 958 |
|
|
|a article14
|
| 999 |
|
|
|c 2016758
|d 2018688
|